000 005280000a22001690004500
003 MACL
005 20160224122139.0
008 160224b xxu||||| |||| 00| 0 eng d
040 _aMACL
_cMACL
041 _aHindi
082 _a800
100 _aभोलानाथ तिवारी
_939537
245 _aहिन्‍दी साहित्‍य की अंतर्कथाऍ
260 _bकिताब महल
_c1953
_aइलाहाबाद
650 _aLiteracture
_939932
942 _cHIN
_k800
_2ddc
999 _c23418
_d23418